| 000 | 00941nam a2200205Ia 4500 | ||
|---|---|---|---|
| 003 | Ost | ||
| 005 | 20260507075804.0 | ||
| 008 | 260507s9999||||xx |||||||||||||| ||und|| | ||
| 020 | _a9772230615 | ||
| 040 | _cfsecg | ||
| 041 | _aara | ||
| 100 |
_aغنيم، حسين عطا _eمؤلف |
||
| 245 | 0 |
_aبحوث العمليات (1) (ك13) / _c حسين عطا غنيم |
|
| 260 |
_aالقاهرة: _bمطبعة مركز التعليم المفتوح, _c(د.ت) |
||
| 300 |
_a248 صفحة؛ _bإيضاحات ؛ _c24 سم |
||
| 520 | _aمفاهيم بحوث العمليات، اتخاذ القرارات في حالة التأكد، اتخاذ القرارات في حالتي عدم التأكد والمخاطرة،البرامج الخطية، الحل الجبري، الحل الآني لمجموعة المعدلات الخطية | ||
| 653 | _aاتخاذ القرارات | ||
| 653 | _aبحوث العمليات | ||
| 942 | _cكتاب | ||
| 999 |
_c46369 _d46369 |
||